[Event "DVM U20 2020"]
[Site "Willingen GER"]
[Date "2021.06.26"]
[Round "6"]
[White "Pivtorak, Illia"]
[Black "Ließ, Alexander"]
[Result "0-1"]
[Termination "normal"]
[Board "3.4"]
[WhiteElo "1509"]
[BlackElo "1911"]
[WhiteClock "00:25:08"]
[BlackClock "00:34:38"]
[WhiteTeam "Schachklub König Plauen"]
[BlackTeam "SC Bavaria Regensburg von 1881 e.V."]
[PlyCount "112"]
[WhiteFideId "14194317"]
[BlackFideId "16221338"]
[EventCountry "GER"]
[EventRounds "7"]
[EventType "team-swiss"]
[EventDate "2021.06.23"]

1. d4 {[%clk 01:30:57]} {[%emt 00:00:02]} Nf6 {[%clk 01:30:19]} {[%emt
00:00:41]} 2. Bf4 {[%clk 01:31:19]} {[%emt 00:00:08]} c5 {[%clk 01:29:17]}
{[%emt 00:01:32]} 3. e3 {[%clk 01:30:00]} {[%emt 00:01:50]} Qb6 {[%clk
01:28:59]} {[%emt 00:00:47]} 4. Nc3 {[%clk 01:30:12]} {[%emt 00:00:18]} d6
{[%clk 01:28:50]} {[%emt 00:00:39]} 5. Rb1 {[%clk 01:26:45]} {[%emt 00:03:58]}
g6 {[%clk 01:26:32]} {[%emt 00:02:47]} 6. Nf3 {[%clk 01:23:58]} {[%emt
00:03:17]} Bg7 {[%clk 01:26:10]} {[%emt 00:00:51]} 7. Be2 {[%clk 01:20:44]}
{[%emt 00:03:44]} O-O {[%clk 01:22:31]} {[%emt 00:04:09]} 8. d5 {[%clk
01:20:24]} {[%emt 00:00:51]} Bg4 {[%clk 01:13:28]} {[%emt 00:09:32]} 9. h3
{[%clk 01:17:38]} {[%emt 00:03:15]} Bxf3 {[%clk 01:13:50]} {[%emt 00:00:09]}
10. Bxf3 {[%clk 01:18:01]} {[%emt 00:00:08]} Qa5 {[%clk 01:13:28]} {[%emt
00:00:52]} 11. O-O {[%clk 01:17:08]} {[%emt 00:01:23]} b5 {[%clk 01:09:12]}
{[%emt 00:04:46]} 12. a3 {[%clk 01:12:24]} {[%emt 00:05:15]} Nbd7 {[%clk
01:07:24]} {[%emt 00:02:17]} 13. b4 {[%clk 01:09:42]} {[%emt 00:03:12]} cxb4
{[%clk 01:07:42]} {[%emt 00:00:12]} 14. axb4 {[%clk 01:10:04]} {[%emt
00:00:09]} Qb6 {[%clk 01:07:33]} {[%emt 00:00:39]} 15. Ne2 {[%clk 01:04:16]}
{[%emt 00:06:18]} Rac8 {[%clk 01:00:17]} {[%emt 00:07:45]} 16. Nd4 {[%clk
00:59:38]} {[%emt 00:05:08]} Nb8 {[%clk 00:59:54]} {[%emt 00:00:52]} 17. Nb3
{[%clk 00:46:07]} {[%emt 00:14:01]} Nfd7 {[%clk 00:53:37]} {[%emt 00:06:46]}
18. e4 {[%clk 00:30:55]} {[%emt 00:15:43]} Ne5 {[%clk 00:49:29]} {[%emt
00:04:38]} 19. Be3 {[%clk 00:30:11]} {[%emt 00:01:14]} Qc7 {[%clk 00:49:27]}
{[%emt 00:00:32]} 20. Be2 {[%clk 00:26:54]} {[%emt 00:03:47]} a6 {[%clk
00:45:53]} {[%emt 00:04:05]} 21. Bd4 {[%clk 00:25:08]} {[%emt 00:02:16]} Qxc2
{[%clk 00:42:54]} {[%emt 00:03:29]} 22. f4 {[%clk 00:22:43]} {[%emt 00:02:55]}
Qxd1 {[%clk 00:41:37]} {[%emt 00:01:46]} 23. Rfxd1 {[%clk 00:22:59]} {[%emt
00:00:15]} Nc4 {[%clk 00:40:55]} {[%emt 00:01:12]} 24. Bxg7 {[%clk 00:21:19]}
{[%emt 00:02:10]} Kxg7 {[%clk 00:41:20]} {[%emt 00:00:05]} 25. Rdc1 {[%clk
00:20:41]} {[%emt 00:01:08]} Na3 {[%clk 00:38:26]} {[%emt 00:03:23]} 26. Rxc8
{[%clk 00:13:55]} {[%emt 00:07:16]} Rxc8 {[%clk 00:38:50]} {[%emt 00:00:06]}
27. Rc1 {[%clk 00:14:00]} {[%emt 00:00:25]} Rc2 {[%clk 00:36:52]} {[%emt
00:02:27]} 28. Bd1 {[%clk 00:12:40]} {[%emt 00:01:51]} Rxc1 {[%clk 00:34:21]}
{[%emt 00:03:02]} 29. Nxc1 {[%clk 00:13:05]} {[%emt 00:00:05]} Kf6 {[%clk
00:34:27]} {[%emt 00:00:23]} 30. Kf2 {[%clk 00:12:27]} {[%emt 00:01:08]} e6
{[%clk 00:33:50]} {[%emt 00:01:08]} 31. Bb3 {[%clk 00:07:55]} {[%emt 00:05:03]}
Nd7 {[%clk 00:33:19]} {[%emt 00:01:01]} 32. Ne2 {[%clk 00:07:24]} {[%emt
00:01:01]} e5 {[%clk 00:30:21]} {[%emt 00:03:28]} 33. Ke3 {[%clk 00:06:04]}
{[%emt 00:01:49]} exf4+ {[%clk 00:27:28]} {[%emt 00:03:23]} 34. Nxf4 {[%clk
00:06:01]} {[%emt 00:00:32]} Ne5 {[%clk 00:26:34]} {[%emt 00:01:24]} 35. Ne2
{[%clk 00:04:42]} {[%emt 00:01:49]} Nac4+ {[%clk 00:25:31]} {[%emt 00:01:34]}
36. Kf4 {[%clk 00:04:00]} {[%emt 00:01:11]} Nd3+ {[%clk 00:25:26]} {[%emt
00:00:35]} 37. Kg4 {[%clk 00:02:56]} {[%emt 00:01:34]} Nce5+ {[%clk 00:25:13]}
{[%emt 00:00:42]} 38. Kg3 {[%clk 00:02:34]} {[%emt 00:00:52]} Nxb4 {[%clk
00:25:37]} {[%emt 00:00:07]} 39. Nd4 {[%clk 00:02:37]} {[%emt 00:00:26]} Nbd3
{[%clk 00:25:08]} {[%emt 00:00:58]} 40. Nc6 {[%clk 00:01:27]} {[%emt 00:01:41]}
Nc5 {[%clk 00:25:16]} {[%emt 00:00:21]} 41. Bc2 {[%clk 00:30:26]} {[%emt
00:01:32]} Nc4 {[%clk 00:46:43]} {[%emt 00:09:03]} 42. Kf2 {[%clk 00:29:24]}
{[%emt 00:01:29]} Na3 {[%clk 00:45:55]} {[%emt 00:01:20]} 43. Bd1 {[%clk
00:29:13]} {[%emt 00:00:41]} Nxe4+ {[%clk 00:45:47]} {[%emt 00:00:38]} 44. Ke3
{[%clk 00:29:18]} {[%emt 00:00:24]} Nc5 {[%clk 00:45:39]} {[%emt 00:00:38]} 45.
Be2 {[%clk 00:28:19]} {[%emt 00:01:28]} Nc4+ {[%clk 00:34:14]} {[%emt
00:11:57]} 46. Bxc4 {[%clk 00:28:12]} {[%emt 00:00:37]} bxc4 {[%clk 00:34:40]}
{[%emt 00:00:04]} 47. Kd4 {[%clk 00:28:25]} {[%emt 00:00:16]} Nd3 {[%clk
00:35:01]} {[%emt 00:00:09]} 48. Kxc4 {[%clk 00:28:33]} {[%emt 00:00:24]} Ne5+
{[%clk 00:34:41]} {[%emt 00:00:50]} 49. Kb4 {[%clk 00:25:00]} {[%emt 00:04:03]}
Nxc6+ {[%clk 00:34:56]} {[%emt 00:00:14]} 50. dxc6 {[%clk 00:25:25]} {[%emt
00:00:06]} Ke7 {[%clk 00:35:16]} {[%emt 00:00:10]} 51. Ka5 {[%clk 00:25:42]}
{[%emt 00:00:13]} Kd8 {[%clk 00:35:39]} {[%emt 00:00:07]} 52. Kxa6 {[%clk
00:25:45]} {[%emt 00:00:27]} Kc7 {[%clk 00:35:55]} {[%emt 00:00:13]} 53. Kb5
{[%clk 00:26:09]} {[%emt 00:00:07]} f5 {[%clk 00:35:54]} {[%emt 00:00:30]} 54.
g3 {[%clk 00:25:44]} {[%emt 00:00:55]} g5 {[%clk 00:36:09]} {[%emt 00:00:15]}
55. h4 {[%clk 00:25:40]} {[%emt 00:00:34]} g4 {[%clk 00:35:42]} {[%emt
00:00:57]} 56. Kc4 {[%clk 00:25:08]} {[%emt 00:01:03]} f4 {[%clk 00:34:38]}
{[%emt 00:01:33]} 0-1

[Event "DVM U20 2020"]
[Site "Willingen GER"]
[Date "2021.06.26"]
[Round "6"]
[White "Brüll, Elias"]
[Black "Nicklaus, Timm"]
[Result "1-0"]
[Termination "normal"]
[Board "3.5"]
[WhiteElo "1798"]
[BlackElo "1727"]
[WhiteClock "00:08:40"]
[BlackClock "00:48:24"]
[WhiteTeam "SC Bavaria Regensburg von 1881 e.V."]
[BlackTeam "Schachklub König Plauen"]
[PlyCount "55"]
[WhiteFideId "12964921"]
[BlackFideId "12957143"]
[EventCountry "GER"]
[EventRounds "7"]
[EventType "team-swiss"]
[EventDate "2021.06.23"]

1. e4 {[%clk 01:30:57]} {[%emt 00:00:02]} c5 {[%clk 01:30:57]} {[%emt
00:00:03]} 2. Nf3 {[%clk 01:31:23]} {[%emt 00:00:04]} Nc6 {[%clk 01:31:18]}
{[%emt 00:00:09]} 3. d4 {[%clk 01:31:50]} {[%emt 00:00:03]} cxd4 {[%clk
01:31:43]} {[%emt 00:00:05]} 4. Nxd4 {[%clk 01:32:18]} {[%emt 00:00:03]} Nf6
{[%clk 01:32:07]} {[%emt 00:00:06]} 5. Nc3 {[%clk 01:32:43]} {[%emt 00:00:04]}
d6 {[%clk 01:32:16]} {[%emt 00:00:21]} 6. Bg5 {[%clk 01:32:36]} {[%emt
00:00:36]} e5 {[%clk 01:28:05]} {[%emt 00:04:42]} 7. Ndb5 {[%clk 01:31:17]}
{[%emt 00:01:49]} a6 {[%clk 01:28:25]} {[%emt 00:00:09]} 8. Bxf6 {[%clk
01:31:27]} {[%emt 00:00:21]} gxf6 {[%clk 01:28:45]} {[%emt 00:00:10]} 9. Na3
{[%clk 01:31:42]} {[%emt 00:00:15]} b5 {[%clk 01:27:24]} {[%emt 00:01:51]} 10.
Nd5 {[%clk 01:31:50]} {[%emt 00:00:23]} f5 {[%clk 01:24:37]} {[%emt 00:03:17]}
11. exf5 {[%clk 01:10:05]} {[%emt 00:22:14]} b4 {[%clk 01:18:53]} {[%emt
00:06:14]} 12. Qf3 {[%clk 00:45:24]} {[%emt 00:25:11]} Bb7 {[%clk 01:11:46]}
{[%emt 00:07:37]} 13. Nc4 {[%clk 00:32:09]} {[%emt 00:13:46]} Rb8 {[%clk
01:10:51]} {[%emt 00:01:24]} 14. O-O-O {[%clk 00:30:06]} {[%emt 00:02:32]} Nd4
{[%clk 01:02:15]} {[%emt 00:09:06]} 15. Rxd4 {[%clk 00:16:09]} {[%emt
00:14:27]} exd4 {[%clk 01:02:28]} {[%emt 00:00:17]} 16. Qe4+ {[%clk 00:16:30]}
{[%emt 00:00:09]} Be7 {[%clk 01:02:24]} {[%emt 00:00:33]} 17. Qxd4 {[%clk
00:16:27]} {[%emt 00:00:34]} f6 {[%clk 01:00:25]} {[%emt 00:02:29]} 18. Ncb6
{[%clk 00:15:03]} {[%emt 00:01:54]} Bxd5 {[%clk 00:59:11]} {[%emt 00:01:43]}
19. Nxd5 {[%clk 00:15:22]} {[%emt 00:00:11]} b3 {[%clk 00:55:37]} {[%emt
00:04:04]} 20. axb3 {[%clk 00:13:56]} {[%emt 00:01:56]} Rc8 {[%clk 00:52:37]}
{[%emt 00:03:30]} 21. Bxa6 {[%clk 00:13:02]} {[%emt 00:01:23]} Rc5 {[%clk
00:52:47]} {[%emt 00:00:19]} 22. Re1 {[%clk 00:13:12]} {[%emt 00:00:21]} Qa5
{[%clk 00:51:21]} {[%emt 00:01:56]} 23. Rxe7+ {[%clk 00:10:24]} {[%emt
00:03:19]} Kd8 {[%clk 00:51:33]} {[%emt 00:00:17]} 24. Qxf6 {[%clk 00:08:35]}
{[%emt 00:02:18]} Qa1+ {[%clk 00:51:42]} {[%emt 00:00:22]} 25. Kd2 {[%clk
00:09:00]} {[%emt 00:00:05]} Rxd5+ {[%clk 00:52:05]} {[%emt 00:00:06]} 26. Bd3
{[%clk 00:09:07]} {[%emt 00:00:23]} Rxd3+ {[%clk 00:48:05]} {[%emt 00:04:31]}
27. cxd3 {[%clk 00:08:44]} {[%emt 00:00:52]} Qa5+ {[%clk 00:48:24]} {[%emt
00:00:11]} 28. Ke2 {[%clk 00:08:40]} {[%emt 00:00:34]} 1-0

[Event "DVM U20 2020"]
[Site "Willingen GER"]
[Date "2021.06.26"]
[Round "6"]
[White "Melitzki, Richard"]
[Black "Steinhauer, Artur"]
[Result "1-0"]
[Termination "normal"]
[Board "3.6"]
[WhiteElo "1425"]
[BlackElo "1607"]
[WhiteClock "00:34:41"]
[BlackClock "00:22:18"]
[WhiteTeam "Schachklub König Plauen"]
[BlackTeam "SC Bavaria Regensburg von 1881 e.V."]
[PlyCount "85"]
[WhiteFideId "16223420"]
[BlackFideId "16263596"]
[EventCountry "GER"]
[EventRounds "7"]
[EventType "team-swiss"]
[EventDate "2021.06.23"]

1. e4 {[%clk 01:30:57]} {[%emt 00:00:03]} c5 {[%clk 01:30:53]} {[%emt
00:00:08]} 2. Nf3 {[%clk 01:31:21]} {[%emt 00:00:05]} d6 {[%clk 01:31:18]}
{[%emt 00:00:05]} 3. d4 {[%clk 01:31:47]} {[%emt 00:00:04]} cxd4 {[%clk
01:31:44]} {[%emt 00:00:05]} 4. Nxd4 {[%clk 01:32:15]} {[%emt 00:00:03]} Nf6
{[%clk 01:32:09]} {[%emt 00:00:05]} 5. Nc3 {[%clk 01:32:37]} {[%emt 00:00:08]}
a6 {[%clk 01:32:35]} {[%emt 00:00:04]} 6. h3 {[%clk 01:33:02]} {[%emt
00:00:04]} e5 {[%clk 01:33:00]} {[%emt 00:00:05]} 7. Nde2 {[%clk 01:33:19]}
{[%emt 00:00:12]} Be7 {[%clk 01:33:21]} {[%emt 00:00:10]} 8. g4 {[%clk
01:33:26]} {[%emt 00:00:22]} h6 {[%clk 01:33:44]} {[%emt 00:00:07]} 9. Bg2
{[%clk 01:33:27]} {[%emt 00:00:29]} b5 {[%clk 01:29:51]} {[%emt 00:04:24]} 10.
O-O {[%clk 01:33:15]} {[%emt 00:00:43]} Bb7 {[%clk 01:30:10]} {[%emt 00:00:10]}
11. Ng3 {[%clk 01:33:32]} {[%emt 00:00:12]} b4 {[%clk 01:23:57]} {[%emt
00:06:45]} 12. Nd5 {[%clk 01:33:18]} {[%emt 00:00:44]} Nxd5 {[%clk 01:24:08]}
{[%emt 00:00:18]} 13. exd5 {[%clk 01:33:33]} {[%emt 00:00:15]} Nd7 {[%clk
01:18:31]} {[%emt 00:06:07]} 14. Be3 {[%clk 01:31:11]} {[%emt 00:02:51]} Rc8
{[%clk 01:17:27]} {[%emt 00:01:35]} 15. Qd2 {[%clk 01:30:21]} {[%emt 00:01:20]}
a5 {[%clk 01:13:36]} {[%emt 00:04:21]} 16. a3 {[%clk 01:28:28]} {[%emt
00:02:23]} Nf6 {[%clk 01:03:57]} {[%emt 00:10:09]} 17. Nf5 {[%clk 01:27:12]}
{[%emt 00:01:46]} Kf8 {[%clk 00:55:10]} {[%emt 00:09:17]} 18. axb4 {[%clk
01:25:33]} {[%emt 00:02:09]} axb4 {[%clk 00:55:20]} {[%emt 00:00:20]} 19. Ra7
{[%clk 01:24:52]} {[%emt 00:01:11]} Rb8 {[%clk 00:55:22]} {[%emt 00:00:28]} 20.
Rfa1 {[%clk 01:12:53]} {[%emt 00:12:30]} Ng8 {[%clk 00:53:44]} {[%emt
00:02:07]} 21. R1a5 {[%clk 01:03:51]} {[%emt 00:09:32]} Bc8 {[%clk 00:52:34]}
{[%emt 00:01:39]} 22. Ng3 {[%clk 00:57:34]} {[%emt 00:06:47]} Bd7 {[%clk
00:51:43]} {[%emt 00:01:22]} 23. Ne4 {[%clk 00:56:43]} {[%emt 00:01:21]} Be8
{[%clk 00:51:19]} {[%emt 00:00:55]} 24. f4 {[%clk 00:55:08]} {[%emt 00:02:05]}
f6 {[%clk 00:51:25]} {[%emt 00:00:24]} 25. R5a6 {[%clk 00:53:24]} {[%emt
00:02:14]} Bb5 {[%clk 00:50:59]} {[%emt 00:00:56]} 26. Ra5 {[%clk 00:53:24]}
{[%emt 00:00:30]} Bd7 {[%clk 00:50:20]} {[%emt 00:01:08]} 27. Qf2 {[%clk
00:52:13]} {[%emt 00:01:41]} Ke8 {[%clk 00:45:27]} {[%emt 00:05:22]} 28. Bf1
{[%clk 00:48:27]} {[%emt 00:04:17]} h5 {[%clk 00:44:33]} {[%emt 00:01:24]} 29.
fxe5 {[%clk 00:47:24]} {[%emt 00:01:33]} fxe5 {[%clk 00:44:36]} {[%emt
00:00:27]} 30. g5 {[%clk 00:47:35]} {[%emt 00:00:19]} Qc8 {[%clk 00:41:55]}
{[%emt 00:03:11]} 31. Kh2 {[%clk 00:45:34]} {[%emt 00:02:30]} Rb7 {[%clk
00:40:11]} {[%emt 00:02:14]} 32. Bd3 {[%clk 00:45:15]} {[%emt 00:00:49]} Rxa7
{[%clk 00:39:14]} {[%emt 00:01:27]} 33. Rxa7 {[%clk 00:45:39]} {[%emt
00:00:06]} Qb8 {[%clk 00:27:58]} {[%emt 00:11:45]} 34. Bb6 {[%clk 00:36:42]}
{[%emt 00:09:28]} b3 {[%clk 00:24:05]} {[%emt 00:04:23]} 35. Rxd7 {[%clk
00:34:51]} {[%emt 00:02:22]} bxc2 {[%clk 00:21:57]} {[%emt 00:02:38]} 36. Qxc2
{[%clk 00:33:53]} {[%emt 00:01:28]} Qxb6 {[%clk 00:22:08]} {[%emt 00:00:19]}
37. Qc8+ {[%clk 00:33:51]} {[%emt 00:00:31]} Kf7 {[%clk 00:22:05]} {[%emt
00:00:33]} 38. Nxd6+ {[%clk 00:33:32]} {[%emt 00:00:50]} Qxd6 {[%clk 00:22:15]}
{[%emt 00:00:19]} 39. Rxd6 {[%clk 00:33:56]} {[%emt 00:00:06]} Bxd6 {[%clk
00:21:50]} {[%emt 00:00:55]} 40. Qe6+ {[%clk 00:34:19]} {[%emt 00:00:06]} Kf8
{[%clk 00:22:03]} {[%emt 00:00:18]} 41. Bg6 {[%clk 00:34:19]} {[%emt 00:00:30]}
e4+ {[%clk 00:21:59]} {[%emt 00:00:34]} 42. Qxd6+ {[%clk 00:34:41]} {[%emt
00:00:09]} Ne7 {[%clk 00:22:18]} {[%emt 00:00:10]} 43. Qd8# {[%emt 00:00:05]}
1-0

[Event "DVM U20 2020"]
[Site "Willingen GER"]
[Date "2021.06.26"]
[Round "6"]
[White "Kracht, Raphael"]
[Black "Woelk, Tom-Frederic"]
[Result "1/2-1/2"]
[Termination "normal"]
[Board "4.1"]
[WhiteElo "2109"]
[BlackElo "2245"]
[WhiteClock "00:13:11"]
[BlackClock "00:14:43"]
[WhiteTeam "Schachfreunde Brackel 1930 e. V."]
[BlackTeam "Hamburger SK von 1830"]
[PlyCount "105"]
[WhiteFideId "16214382"]
[BlackFideId "12993077"]
[EventCountry "GER"]
[EventRounds "7"]
[EventType "team-swiss"]
[EventDate "2021.06.23"]

1. e4 {[%clk 01:30:59]} e5 {[%clk 01:30:49]} {[%emt 00:00:11]} 2. Nf3 {[%clk
01:30:47]} {[%emt 00:00:42]} Nc6 {[%clk 01:30:58]} {[%emt 00:00:22]} 3. Bb5
{[%clk 01:31:14]} {[%emt 00:00:02]} g6 {[%clk 01:31:23]} {[%emt 00:00:05]} 4.
d4 {[%clk 01:28:16]} {[%emt 00:03:28]} exd4 {[%clk 01:31:36]} {[%emt 00:00:18]}
5. Bg5 {[%clk 01:27:54]} {[%emt 00:00:51]} Be7 {[%clk 01:31:50]} {[%emt
00:00:16]} 6. Bxe7 {[%clk 01:27:37]} {[%emt 00:00:48]} Qxe7 {[%clk 01:32:18]}
{[%emt 00:00:02]} 7. O-O {[%clk 01:27:51]} {[%emt 00:00:16]} Nf6 {[%clk
01:28:50]} {[%emt 00:03:58]} 8. Re1 {[%clk 01:15:50]} {[%emt 00:12:31]} O-O
{[%clk 01:25:36]} {[%emt 00:03:43]} 9. e5 {[%clk 01:14:16]} {[%emt 00:02:04]}
Nd5 {[%clk 01:22:01]} {[%emt 00:04:05]} 10. Qd2 {[%clk 01:03:02]} {[%emt
00:11:44]} a6 {[%clk 01:04:57]} {[%emt 00:17:34]} 11. Ba4 {[%clk 00:48:57]}
{[%emt 00:14:35]} Nb6 {[%clk 01:01:36]} {[%emt 00:03:52]} 12. Bb3 {[%clk
00:45:11]} {[%emt 00:04:15]} d5 {[%clk 01:00:55]} {[%emt 00:01:11]} 13. Nxd4
{[%clk 00:25:51]} {[%emt 00:19:50]} Nxd4 {[%clk 01:00:11]} {[%emt 00:01:14]}
14. Qxd4 {[%clk 00:26:17]} {[%emt 00:00:05]} c5 {[%clk 00:58:50]} {[%emt
00:01:50]} 15. Qe3 {[%clk 00:26:42]} {[%emt 00:00:05]} d4 {[%clk 00:56:40]}
{[%emt 00:02:40]} 16. Qe2 {[%clk 00:26:31]} {[%emt 00:00:40]} Be6 {[%clk
00:52:19]} {[%emt 00:04:51]} 17. Nd2 {[%clk 00:24:58]} {[%emt 00:02:04]} Rac8
{[%clk 00:44:46]} {[%emt 00:08:02]} 18. Bxe6 {[%clk 00:24:25]} {[%emt
00:01:03]} Qxe6 {[%clk 00:39:13]} {[%emt 00:06:04]} 19. Qf3 {[%clk 00:24:39]}
{[%emt 00:00:16]} Rc6 {[%clk 00:38:40]} {[%emt 00:01:03]} 20. Qg3 {[%clk
00:18:17]} {[%emt 00:06:52]} Nc4 {[%clk 00:31:18]} {[%emt 00:07:51]} 21. Nxc4
{[%clk 00:12:50]} {[%emt 00:05:57]} Qxc4 {[%clk 00:31:39]} {[%emt 00:00:10]}
22. Qb3 {[%clk 00:12:16]} {[%emt 00:01:04]} Qxb3 {[%clk 00:29:53]} {[%emt
00:02:16]} 23. axb3 {[%clk 00:12:39]} {[%emt 00:00:07]} Re8 {[%clk 00:30:16]}
{[%emt 00:00:07]} 24. f4 {[%clk 00:12:46]} {[%emt 00:00:23]} c4 {[%clk
00:29:20]} {[%emt 00:01:26]} 25. Rad1 {[%clk 00:03:04]} {[%emt 00:10:12]} cxb3
{[%clk 00:12:58]} {[%emt 00:16:53]} 26. cxb3 {[%clk 00:03:28]} {[%emt
00:00:06]} Rc2 {[%clk 00:12:08]} {[%emt 00:01:18]} 27. Rxd4 {[%clk 00:03:53]}
{[%emt 00:00:06]} Re7 {[%clk 00:12:21]} {[%emt 00:00:18]} 28. b4 {[%clk
00:03:35]} {[%emt 00:00:47]} Rec7 {[%clk 00:12:25]} {[%emt 00:00:27]} 29. Ree4
{[%clk 00:02:14]} {[%emt 00:01:50]} b5 {[%clk 00:10:56]} {[%emt 00:01:58]} 30.
h4 {[%clk 00:02:05]} {[%emt 00:00:40]} Rxb2 {[%clk 00:08:46]} {[%emt 00:02:40]}
31. e6 {[%clk 00:02:21]} {[%emt 00:00:14]} Re7 {[%clk 00:08:44]} {[%emt
00:00:32]} 32. Rd8+ {[%clk 00:01:41]} {[%emt 00:01:10]} Kg7 {[%clk 00:09:09]}
{[%emt 00:00:05]} 33. exf7 {[%clk 00:02:05]} {[%emt 00:00:05]} Kxf7 {[%clk
00:09:07]} {[%emt 00:00:33]} 34. Rxe7+ {[%clk 00:00:48]} {[%emt 00:01:47]} Kxe7
{[%clk 00:09:36]} {[%emt 00:00:02]} 35. Ra8 {[%clk 00:01:16]} {[%emt 00:00:01]}
Rxb4 {[%clk 00:03:44]} {[%emt 00:06:22]} 36. Rxa6 {[%clk 00:01:42]} {[%emt
00:00:03]} Rxf4 {[%clk 00:03:36]} {[%emt 00:00:39]} 37. g3 {[%clk 00:01:03]}
{[%emt 00:01:09]} Rg4 {[%clk 00:03:08]} {[%emt 00:00:58]} 38. Ra7+ {[%clk
00:01:30]} {[%emt 00:00:03]} Kd6 {[%clk 00:03:20]} {[%emt 00:00:18]} 39. Rxh7
{[%clk 00:01:54]} {[%emt 00:00:05]} Rxg3+ {[%clk 00:02:16]} {[%emt 00:01:35]}
40. Kf2 {[%clk 00:02:20]} {[%emt 00:00:05]} Rg4 {[%clk 00:02:31]} {[%emt
00:00:15]} 41. Kf3 {[%clk 00:29:56]} {[%emt 00:02:54]} Rd4 {[%clk 00:26:18]}
{[%emt 00:06:42]} 42. Ke3 {[%clk 00:28:57]} {[%emt 00:01:29]} Rc4 {[%clk
00:24:40]} {[%emt 00:02:09]} 43. h5 {[%clk 00:13:18]} {[%emt 00:16:09]} gxh5
{[%clk 00:24:53]} {[%emt 00:00:18]} 44. Rxh5 {[%clk 00:13:42]} {[%emt
00:00:05]} Kc6 {[%clk 00:24:30]} {[%emt 00:00:53]} 45. Kd3 {[%clk 00:13:42]}
{[%emt 00:00:29]} Kb6 {[%clk 00:24:55]} {[%emt 00:00:06]} 46. Rh1 {[%clk
00:14:05]} {[%emt 00:00:07]} Ka5 {[%clk 00:22:43]} {[%emt 00:02:42]} 47. Ra1+
{[%clk 00:14:10]} {[%emt 00:00:24]} Ra4 {[%clk 00:22:04]} {[%emt 00:01:09]} 48.
Rb1 {[%clk 00:14:35]} {[%emt 00:00:05]} Rc4 {[%clk 00:15:23]} {[%emt 00:07:11]}
49. Ra1+ {[%clk 00:14:54]} {[%emt 00:00:11]} Kb4 {[%clk 00:13:59]} {[%emt
00:01:54]} 50. Rb1+ {[%clk 00:15:18]} {[%emt 00:00:06]} Kc5 {[%clk 00:14:26]}
{[%emt 00:00:04]} 51. Rh1 {[%clk 00:13:32]} {[%emt 00:02:15]} Kb4 {[%clk
00:14:16]} {[%emt 00:00:40]} 52. Rb1+ {[%clk 00:13:56]} {[%emt 00:00:06]} Ka5
{[%clk 00:14:43]} {[%emt 00:00:03]} 53. Ra1+ {[%clk 00:13:11]} {[%emt
00:01:15]} 1/2-1/2